[Event "6th Asia-ch"]
[Site "Cebu City PHI"]
[Date "2007.09.23"]
[Round "5.25"]
[White "Mahjoobzardast, Morteza"]
[Black "Nadera, Barlo"]
[Result "1-0"]
[WhiteElo "2479"]
[BlackElo "2402"]
[EventDate "2007.09.19"]
[PlyCount "57"]

1.Nf3 d5 2.d4 c6 3.c4 e6 4.Nc3 Nf6 5.Bg5 dxc4 6.e4 b5 7.e5 h6 8.Bh4 g5 9.
Nxg5 hxg5 10.Bxg5 Nbd7 11.exf6 Bb7 12.g3 Qb6 13.Bg2 c5 14.d5 b4 15.O-O 
O-O-O 16.Rb1 Ne5 17.Qe2 Nd3 18.dxe6 Bxg2 19.Kxg2 bxc3 20.e7 Qc6+ 21.Kg1 
Bxe7 22.fxe7 Rd5 23.Qg4+ Rd7 24.bxc3 Re8 25.Bf4 Nxf4 26.Qxf4 Qd6 27.Qxf7 
Rdxe7 28.Qxc4 Re4 29.Qb5 1-0

[Event "6th Asia-ch"]
[Site "Cebu City PHI"]
[Date "2007.09.23"]
[Round "5.26"]
[White "Djinh Djuc Trong"]
[Black "Wen Yang"]
[Result "0-1"]
[WhiteElo "2354"]
[BlackElo "2475"]
[EventDate "2007.09.19"]
[PlyCount "84"]

1.Nf3 d5 2.d3 Nf6 3.Nbd2 c5 4.e4 Nc6 5.c3 Bg4 6.Be2 e6 7.a3 a5 8.a4 Be7 9.
O-O O-O 10.Re1 Qc7 11.Qc2 Bh5 12.Nf1 h6 13.Ng3 Bg6 14.exd5 Nxd5 15.Qb3 
Rad8 16.Bd2 Nf6 17.Qb5 Rd5 18.Rad1 Rfd8 19.Bc1 Ng4 20.Nf1 Nge5 21.Nxe5 
Nxe5 22.Bf4 c4 23.Qxc4 Qxc4 24.dxc4 Rxd1 25.Rxd1 Rxd1 26.Bxd1 Nd3 27.Bc7 
Bc5 28.g3 Nxf2 29.Bf3 Nd3+ 30.Kh1 b6 31.g4 e5 32.b4 axb4 33.cxb4 e4 34.
bxc5 exf3 35.Kg1 f2+ 36.Kg2 Be4+ 37.Kg3 bxc5 38.a5 Bb7 39.Bf4 Nxf4 40.Kxf4
Bg2 41.Ne3 f1=Q+ 42.Nxf1 Bxf1 0-1

[Event "6th Asia-ch"]
[Site "Cebu City PHI"]
[Date "2007.09.23"]
[Round "5.27"]
[White "Rohit, Goginenni"]
[Black "Hussein, Noah A."]
[Result "1-0"]
[WhiteElo "2470"]
[BlackElo "2341"]
[EventDate "2007.09.19"]
[PlyCount "91"]

1.e4 e5 2.Nf3 Nf6 3.Nxe5 d6 4.Nf3 Nxe4 5.Nc3 Nf6 6.d4 Be7 7.Bd3 O-O 8.h3 
c5 9.Ne2 Nc6 10.c3 b6 11.O-O Bb7 12.Bf4 Re8 13.dxc5 bxc5 14.Ng3 Bf8 15.Qc2
Ne5 16.Bxe5 dxe5 17.Bb5 Re7 18.Nd2 e4 19.Nc4 a6 20.Ba4 Qc7 21.Rfe1 g6 22.
Qd2 Rd8 23.Qg5 Re6 24.Rad1 Rxd1 25.Rxd1 h6 26.Qd2 Nd5 27.Re1 Nf4 28.Bc2 f5
29.Bb3 Kh7 30.Na5 Rd6 31.Qxf4 Qxa5 32.h4 h5 33.Nxf5 Rf6 34.Qb8 Qb6 35.Ne3 
c4 36.Bxc4 Qxb2 37.Rf1 Qb6 38.Bb3 Bg7 39.Rd1 Rf8 40.Qd6 Qb5 41.c4 Qa5 42.
c5 Qb5 43.Rd2 Rc8 44.Bf7 Qxc5 45.Qxg6+ Kh8 46.Rd5 1-0

[Event "6th Asia-ch"]
[Site "Cebu City PHI"]
[Date "2007.09.23"]
[Round "5.28"]
[White "Legaspi, Rhobel"]
[Black "Arun Prasad, Subramanian"]
[Result "1-0"]
[WhiteElo "2316"]
[BlackElo "2448"]
[EventDate "2007.09.19"]
[PlyCount "95"]

1.e4 c5 2.Nf3 d6 3.Bc4 e6 4.O-O Nf6 5.d3 Be7 6.Bb3 Nc6 7.c3 O-O 8.h3 b5 9.
Re1 a5 10.Bf4 a4 11.Bc2 h6 12.a3 e5 13.Bh2 Qb6 14.Nbd2 Be6 15.Nf1 Rfd8 16.
Ne3 g6 17.Kh1 Na5 18.Qe2 Nb3 19.Rab1 b4 20.Bxb3 axb3 21.axb4 cxb4 22.c4 
Nd7 23.Nd2 Nc5 24.f4 exf4 25.Bxf4 g5 26.Bg3 Bf6 27.Nd5 Bxd5 28.cxd5 Qa6 
29.Nc4 Bd4 30.Qf1 Na4 31.Ra1 Qb5 32.Nxd6 Rxd6 33.Bxd6 Bxb2 34.Rab1 Ra6 35.
Rxb2 Nxb2 36.Be5 Na4 37.Qf5 Qe8 38.d6 Qe6 39.Qxe6 fxe6 40.d7 Ra8 41.Bc7 
Nc3 42.d8=Q+ Rxd8 43.Bxd8 b2 44.Ba5 b1=Q 45.Rxb1 Nxb1 46.Bxb4 Kf7 47.g4 h5
48.gxh5 1-0

[Event "6th Asia-ch"]
[Site "Cebu City PHI"]
[Date "2007.09.23"]
[Round "5.29"]
[White "Bagamasbad, Efren"]
[Black "Girinath, P. D. S."]
[Result "0-1"]
[WhiteElo "2331"]
[BlackElo "2440"]
[EventDate "2007.09.19"]
[PlyCount "191"]

1.c4 f5 2.Nf3 Nf6 3.g3 e6 4.Bg2 Be7 5.O-O O-O 6.d4 a5 7.Nc3 d6 8.Qc2 Nc6 
9.a3 e5 10.d5 Nb8 11.e4 Nxe4 12.Nxe4 fxe4 13.Nd2 e3 14.fxe3 Rxf1+ 15.Nxf1 
Na6 16.b3 Qe8 17.Bb2 Qh5 18.Bc3 Nc5 19.b4 axb4 20.axb4 Rxa1 21.Bxa1 Na6 
22.Bc3 Bd7 23.Be4 Bh3 24.Bd3 Bg5 25.Qe2 Qh6 26.Bd2 Nb8 27.Qf2 Nd7 28.Bf5 
Nf6 29.Bxh3 Qxh3 30.Qf3 e4 31.Qf2 b5 32.Qe2 Qf5 33.Bc3 Nd7 34.Bd4 Bf6 35.
g4 Qg6 36.h3 Bxd4 37.exd4 Nb6 38.c5 Nc4 39.Ne3 Nxe3 40.Qxe3 h5 41.Qf4 hxg4
42.hxg4 e3 43.Qxe3 Qxg4+ 44.Kf2 Qf5+ 45.Kg3 Qxd5 46.Qe8+ Kh7 47.Qxb5 Qxd4 
48.c6 d5 49.Qb7 Qe5+ 50.Kf2 d4 51.Qc8 Qf6+ 52.Ke2 Qxc6 53.Qh3+ Kg8 54.Qc8+
Kf7 55.Qf5+ Qf6 56.Qh5+ Ke6 57.Qe8+ Qe7 58.Qc6+ Kf5+ 59.Kd1 Qxb4 60.Qd7+ 
Kf6 61.Qd8+ Qe7 62.Qxd4+ Qe5 63.Qd8+ Kg6 64.Qd3+ Kh6 65.Kc2 g5 66.Qf3 Kg7 
67.Kd1 Qd4+ 68.Ke2 Qb2+ 69.Kd1 Qe5 70.Qg4 Kg6 71.Qf3 Qd4+ 72.Ke2 g4 73.
Qc6+ Qd6 74.Qe8+ Kg5 75.Kf1 Qd3+ 76.Kg1 Qd1+ 77.Kg2 Qd2+ 78.Kg1 Qd4+ 79.
Kg2 Qd5+ 80.Kg1 Qc5+ 81.Kg2 Qc2+ 82.Kg1 Qd1+ 83.Kg2 Qd2+ 84.Kg1 Qd1+ 85.
Kg2 Qd2+ 86.Kg1 Qd4+ 87.Kg2 c5 88.Qe7+ Kf4 89.Qf7+ Ke3 90.Kg3 Kd2 91.Qa2+ 
Kd3 92.Qb3+ Kd2 93.Qa2+ Kc1 94.Qa3+ Kc2 95.Qa2+ Qb2 96.Qe6 0-1

[Event "6th Asia-ch"]
[Site "Cebu City PHI"]
[Date "2007.09.23"]
[Round "5.30"]
[White "Bayarmandah, Balgan"]
[Black "Nouri, Hamed"]
[Result "0-1"]
[WhiteElo "2208"]
[BlackElo "2426"]
[EventDate "2007.09.19"]
[PlyCount "144"]

1.d4 Nf6 2.c4 g6 3.g3 Bg7 4.Bg2 O-O 5.e4 d6 6.Ne2 Nc6 7.O-O e5 8.d5 Ne7 9.
Nbc3 c6 10.h3 cxd5 11.cxd5 Nd7 12.Nb5 Nc5 13.Be3 a6 14.Bxc5 axb5 15.Bb4 f5
16.Nc3 Qb6 17.Qd3 Bd7 18.a3 f4 19.Kh2 h5 20.Ne2 g5 21.f3 Ng6 22.gxf4 exf4 
23.Qb3 Ne5 24.Bc3 Ra4 25.Be1 g4 26.fxg4 f3 27.Rxf3 Nxf3+ 28.Bxf3 hxg4 29.
hxg4 Qd8 30.Kg2 Qg5 31.Bb4 Bxg4 32.Bxg4 Qxg4+ 33.Ng3 Be5 34.Rh1 Rf7 35.Qe3
Rg7 36.Rh3 Ra8 37.Qf3 Rf8 38.Qxg4 Rxg4 39.Bc3 Bxc3 40.bxc3 Rf6 41.Rh5 Rfg6
42.Rh3 Rf4 43.Rh5 Rfg4 44.Rh3 Rxe4 45.Kf3 Re5 46.Ne4 Rxd5 47.Kf4 Rd1 48.
Ke3 Re6 49.Ke2 Rd5 50.Rh4 Kf7 51.Ke3 Rde5 52.Kd4 Rxe4+ 53.Rxe4 Rxe4+ 54.
Kxe4 Ke6 55.Kd4 Kd7 56.Kd3 Kc7 57.Kc2 Kb6 58.Kb2 Kc5 59.Kb3 Kd5 60.Kb4 Kc6
61.Kb3 Kc5 62.Kb2 Kc4 63.Kc2 d5 64.Kb2 Kd3 65.Kb3 Kd2 66.Kb4 b6 67.Kxb5 
Kxc3 68.Kxb6 d4 69.a4 d3 70.a5 d2 71.a6 d1=Q 72.Kb7 Qd7+ 0-1

[Event "6th Asia-ch"]
[Site "Cebu City PHI"]
[Date "2007.09.23"]
[Round "5.31"]
[White "Sadorra, Julio"]
[Black "Tolentino, Rustum"]
[Result "1-0"]
[WhiteElo "2421"]
[BlackElo "2276"]
[EventDate "2007.09.19"]
[PlyCount "153"]

1.d4 f5 2.Nf3 Nf6 3.g3 b6 4.Bg2 Bb7 5.c4 e6 6.O-O Be7 7.d5 Qc8 8.Nd4 c5 9.
Nf3 exd5 10.Nh4 dxc4 11.Bxb7 Qxb7 12.Nxf5 Qe4 13.Nxe7 Qxe7 14.Bf4 Nc6 15.
Nc3 O-O 16.Bd6 Qe6 17.Bxf8 Rxf8 18.e3 d5 19.Qe2 Re8 20.Rfd1 Ne5 21.b3 Qc6 
22.f4 Neg4 23.e4 dxe4 24.bxc4 e3 25.Nd5 Nf2 26.Qf3 Qd6 27.Re1 Nxd5 28.cxd5
Qf6 29.Rab1 Qd4 30.d6 Nd3 31.Re2 Qxd6 32.Kg2 Qd4 33.Qc6 Kf8 34.h4 Nb4 35.
Qf3 Nd3 36.h5 h6 37.Qc6 Nb4 38.Qg6 Qd5+ 39.Kh2 Re6 40.Qg4 Nd3 41.Rd1 c4 
42.f5 Re5 43.Kg1 Rxf5 44.Rxe3 Qc5 45.Qxf5+ Qxf5 46.Rf1 Qxf1+ 47.Kxf1 Kf7 
48.Ke2 b5 49.Kd2 a6 50.Kc3 a5 51.a4 bxa4 52.Kxc4 Nb4 53.Ra3 Nc2 54.Rxa4 
Ne3+ 55.Kd3 Nf5 56.g4 Ne7 57.Rxa5 Ng8 58.Ke4 Nf6+ 59.Kf5 Nh7 60.Ra7+ Kg8 
61.Ke6 Ng5+ 62.Ke7 Kh7 63.Ra5 Kg8 64.Rb5 Kh7 65.Re5 Kg8 66.Re3 Nh7 67.Rd3 
Ng5 68.Rd6 Kh8 69.Kf8 Ne4 70.Re6 Nf6 71.Rxf6 gxf6 72.Kf7 f5 73.gxf5 Kh7 
74.f6 Kh8 75.Ke7 Kg8 76.f7+ Kh7 77.Ke8 1-0

[Event "6th Asia-ch"]
[Site "Cebu City PHI"]
[Date "2007.09.23"]
[Round "5.32"]
[White "Makinano, Anthony"]
[Black "Bancod, Ronald"]
[Result "0-1"]
[WhiteElo "2317"]
[BlackElo "2373"]
[EventDate "2007.09.19"]
[PlyCount "88"]

1.d4 d5 2.Nf3 Nc6 3.Bf4 Bg4 4.Nbd2 e6 5.c3 Bd6 6.Bxd6 cxd6 7.Qb3 Nge7 8.g3
O-O 9.h3 Bxf3 10.Nxf3 b5 11.Bg2 Rb8 12.a3 a5 13.O-O b4 14.cxb4 axb4 15.a4 
Qb6 16.e3 Na5 17.Qd3 h6 18.Rfc1 b3 19.Nd2 Nec6 20.Bf3 Nb4 21.Qb5 Qa7 22.
Qf1 Nc2 23.Rab1 Rfc8 24.Bd1 Qd7 25.Nxb3 Nxe3 26.fxe3 Nxb3 27.Rxc8+ Qxc8 
28.Qd3 Qc4 29.Bc2 g6 30.Qc3 Qxa4 31.Qc7 Qe8 32.Qxd6 Nd2 33.Ra1 Rxb2 34.Qc7
Qb8 35.Qxb8+ Rxb8 36.Ra7 Rb2 37.Rc7 Nc4 38.Ba4 Nxe3 39.Be8 Ra2 40.Kh1 Rf2 
41.g4 Kf8 42.Rc8 Ke7 43.Ba4 Rd2 44.Rc7+ Kf8 0-1

[Event "6th Asia-ch"]
[Site "Cebu City PHI"]
[Date "2007.09.23"]
[Round "5.33"]
[White "Samhouri, Ahmad"]
[Black "Russell, Majwuana Kankanamge Athula"]
[Result "1/2-1/2"]
[WhiteElo "2362"]
[BlackElo "2220"]
[EventDate "2007.09.19"]
[PlyCount "67"]

1.e4 c6 2.d4 d5 3.Nc3 dxe4 4.Nxe4 Bf5 5.Ng3 Bg6 6.h4 h6 7.Nf3 Nf6 8.h5 Bh7
9.Bd3 Bxd3 10.Qxd3 e6 11.Bd2 c5 12.O-O-O Nc6 13.Bc3 Qd5 14.dxc5 Qxd3 15.
Rxd3 Bxc5 16.Bxf6 gxf6 17.Rhd1 Rd8 18.Rxd8+ Nxd8 19.Ne4 Be7 20.Nd6+ Bxd6 
21.Rxd6 Ke7 22.Rd3 Rg8 23.g3 Nc6 24.Rb3 b6 25.Rc3 Kd6 26.Kd2 f5 27.Rd3+ 
Ke7 28.Rc3 Kd6 29.a3 e5 30.Rd3+ Ke6 31.Rc3 Kd6 32.Rd3+ Ke6 33.Rc3 Kd6 34.
Rd3+ 1/2-1/2

[Event "6th Asia-ch"]
[Site "Cebu City PHI"]
[Date "2007.09.23"]
[Round "5.34"]
[White "Lalith Babu, Musunuri Rohit"]
[Black "Fancy, Stuart"]
[Result "1-0"]
[WhiteElo "2353"]
[BlackElo "2152"]
[EventDate "2007.09.19"]
[PlyCount "35"]

1.Nf3 Nf6 2.c4 d5 3.d4 Bg4 4.Nc3 e6 5.Bg5 Bxf3 6.exf3 Bb4 7.Be2 dxc4 8.
Bxc4 Nc6 9.O-O Qxd4 10.Qb3 O-O-O 11.Be3 Qh4 12.Bb5 Nd4 13.Bxd4 Rxd4 14.Ne2
Bc5 15.Nxd4 Bxd4 16.Rac1 Be5 17.g3 Qh3 18.Qe3 1-0

[Event "6th Asia-ch"]
[Site "Cebu City PHI"]
[Date "2007.09.23"]
[Round "5.35"]
[White "Lanka, Ravi"]
[Black "Senador, Emmanuel"]
[Result "1/2-1/2"]
[WhiteElo "2404"]
[BlackElo "2380"]
[EventDate "2007.09.19"]
[PlyCount "89"]

1.d4 d5 2.c4 e5 3.e3 dxc4 4.Bxc4 exd4 5.exd4 Bd6 6.Nf3 Nf6 7.O-O O-O 8.Nc3
Nc6 9.h3 h6 10.a3 Bf5 11.Nh4 Bh7 12.Be3 Qd7 13.Re1 Rae8 14.d5 Ne5 15.Bb5 
c6 16.dxc6 bxc6 17.Bf1 Rd8 18.Nf3 Qb7 19.Nxe5 Bxe5 20.Qc1 Rfe8 21.Bc4 Nd5 
22.Bd2 Qd7 23.Re2 Nb6 24.Ba6 Bd3 25.Bxd3 Qxd3 26.Qf1 Re6 27.Rae1 Nc4 28.
Ne4 Bd4 29.Bc1 Bb6 30.Nd2 Nxd2 31.Rxd2 Qxf1+ 32.Kxf1 Rxd2 33.Bxd2 Rd6 34.
Re8+ Kh7 35.Bb4 Rf6 36.f3 Bd4 37.Re2 c5 38.Ba5 Ra6 39.b4 cxb4 40.axb4 Bb6 
41.Re5 Bxa5 42.bxa5 Kg6 43.Ke2 Rd6 44.Re7 Ra6 45.Re5 1/2-1/2

[Event "6th Asia-ch"]
[Site "Cebu City PHI"]
[Date "2007.09.24"]
[Round "6.1"]
[White "Megaranto, Susanto"]
[Black "Gopal, Geetha Narayanan"]
[Result "1/2-1/2"]
[WhiteElo "2554"]
[BlackElo "2480"]
[EventDate "2007.09.19"]
[PlyCount "110"]

1.e4 c5 2.Nf3 d6 3.d4 cxd4 4.Nxd4 Nf6 5.Nc3 a6 6.Bc4 e6 7.Bb3 b5 8.O-O Be7
9.Qf3 Qc7 10.Qg3 Nc6 11.Nxc6 Qxc6 12.f3 O-O 13.Be3 Bb7 14.Rfd1 Rfd8 15.Ne2
g6 16.Qh4 Re8 17.Nd4 Qc7 18.Bg5 Nh5 19.Bxe7 Rxe7 20.c3 Ree8 21.Kh1 Rad8 
22.a4 bxa4 23.Bxa4 Rf8 24.Qg5 Ng7 25.Bb3 Rd7 26.Qa5 Qb8 27.Ba4 Rdd8 28.c4 
Rc8 29.b3 Rfd8 30.Rd2 Qa7 31.Bc6 Rb8 32.e5 Qc5 33.Bxb7 Qxa5 34.Rxa5 dxe5 
35.Bxa6 Rxd4 36.Rxd4 exd4 37.Bb5 d3 38.Ra2 Nf5 39.Rd2 Nd4 40.Rxd3 Nxb5 41.
cxb5 Rxb5 42.Kg1 Ra5 43.h4 h5 44.f4 Ra2 45.Kh2 Kg7 46.Rd7 Kf6 47.Rb7 Rb2 
48.Kg3 e5 49.fxe5+ Kxe5 50.b4 f6 51.b5 g5 52.Rh7 Rb3+ 53.Kh2 Rxb5 54.hxg5 
fxg5 55.Rxh5 Kf5 1/2-1/2

[Event "6th Asia-ch"]
[Site "Cebu City PHI"]
[Date "2007.09.24"]
[Round "6.4"]
[White "Neelotpal, Das"]
[Black "Zhou Jianchao"]
[Result "1/2-1/2"]
[WhiteElo "2485"]
[BlackElo "2572"]
[EventDate "2007.09.19"]
[PlyCount "34"]

1.e4 e5 2.Nf3 Nc6 3.Bb5 Nf6 4.d3 Bc5 5.Nc3 d6 6.Na4 Bb6 7.c3 O-O 8.Nxb6 
axb6 9.O-O Ne7 10.Re1 c6 11.Ba4 Ng6 12.Bb3 h6 13.h3 Re8 14.Be3 b5 15.Nd2 
d5 16.exd5 Nxd5 17.Ne4 Nxe3 1/2-1/2

[Event "6th Asia-ch"]
[Site "Cebu City PHI"]
[Date "2007.09.24"]
[Round "6.5"]
[White "Al-Modiahki, Mohamad"]
[Black "Hossain, Enamul"]
[Result "1/2-1/2"]
[WhiteElo "2563"]
[BlackElo "2485"]
[EventDate "2007.09.19"]
[PlyCount "106"]

1.e4 e5 2.Nf3 Nc6 3.Bb5 a6 4.Ba4 Nf6 5.O-O Be7 6.Re1 b5 7.Bb3 d6 8.c3 O-O 
9.h3 h6 10.d4 Re8 11.Nbd2 Bf8 12.a4 Bd7 13.d5 Ne7 14.c4 Ng6 15.axb5 axb5 
16.Rxa8 Qxa8 17.cxb5 Bxb5 18.Nb1 Rb8 19.Nc3 Bd7 20.Bc4 Nh5 21.Kh2 Rb4 22.
b3 Nhf4 23.Ng1 Qc8 24.Be3 Ne7 25.Qd2 g5 26.Ra1 Rb8 27.Ra7 Neg6 28.Qa2 Nxg2
29.Ba6 Qd8 30.Kxg2 g4 31.Qa5 gxh3+ 32.Kh2 Qh4 33.Qxc7 Rd8 34.Bf1 Be7 35.
Qc4 Bg5 36.Qe2 Bf4+ 37.Kh1 Bg4 38.Bxf4 Bxe2 39.Bg3 Bxf1 40.Bxh4 Nxh4 41.
Ra1 Bg2+ 42.Kh2 f5 43.exf5 Rc8 44.Nb5 Nxf5 45.b4 Bxd5 46.Nxd6 Nxd6 47.Rd1 
Be6 48.Rxd6 Kf7 49.Rd2 Ke7 50.b5 Rb8 51.Rb2 Rb6 52.Nxh3 Kf6 53.f3 Bd7 
1/2-1/2

[Event "6th Asia-ch"]
[Site "Cebu City PHI"]
[Date "2007.09.24"]
[Round "6.6"]
[White "Antonio, Rogelio jr"]
[Black "Filippov, Anton"]
[Result "1/2-1/2"]
[WhiteElo "2532"]
[BlackElo "2481"]
[EventDate "2007.09.19"]
[PlyCount "32"]

1.e4 e5 2.Nf3 Nc6 3.Nc3 Nf6 4.d4 exd4 5.Nxd4 Bb4 6.Nxc6 bxc6 7.Bd3 O-O 8.
O-O d5 9.exd5 cxd5 10.Bg5 c6 11.Qf3 h6 12.Bxf6 Qxf6 13.Qxf6 gxf6 14.Ne2 
Re8 15.Rad1 Bc5 16.b3 Bg4 1/2-1/2

[Event "6th Asia-ch"]
[Site "Cebu City PHI"]
[Date "2007.09.24"]
[Round "6.11"]
[White "Bagheri, Amir"]
[Black "Sandipan, Chanda"]
[Result "1/2-1/2"]
[WhiteElo "2495"]
[BlackElo "2563"]
[EventDate "2007.09.19"]
[PlyCount "82"]

1.d4 Nf6 2.Nf3 d6 3.c4 g6 4.Nc3 Bg7 5.e4 O-O 6.h3 e5 7.d5 Nh5 8.g3 f5 9.
exf5 gxf5 10.Ng5 Nf6 11.Bg2 h6 12.Ne6 Bxe6 13.dxe6 Nc6 14.g4 f4 15.h4 h5 
16.g5 Ng4 17.Nd5 Qe8 18.Nxc7 Qg6 19.Bxc6 bxc6 20.f3 Rab8 21.e7 Rfc8 22.
e8=Q+ Rxe8 23.Nxe8 Rxe8 24.fxg4 Qe4+ 25.Kf2 hxg4 26.Re1 g3+ 27.Kg1 Qf5 28.
Kg2 Rf8 29.Qf3 Qc2+ 30.Re2 Qxc4 31.b3 Qd5 32.Bb2 e4 33.Rxe4 Bxb2 34.Rd1 
Qc5 35.Rc4 Qe5 36.Rxc6 Ba3 37.Rc2 Bc5 38.Rf1 Be3 39.Rd1 Bc5 40.Rd5 Qe1 41.
Rd1 Qe5 1/2-1/2

[Event "6th Asia-ch"]
[Site "Cebu City PHI"]
[Date "2007.09.24"]
[Round "6.12"]
[White "Li Shilong"]
[Black "Alavi Sayed, Javad"]
[Result "1/2-1/2"]
[WhiteElo "2550"]
[BlackElo "2493"]
[EventDate "2007.09.19"]
[PlyCount "98"]

1.e4 c6 2.d4 d5 3.e5 c5 4.dxc5 Nc6 5.Nf3 Bg4 6.c3 e6 7.b4 Nge7 8.Nbd2 a5 
9.Bb5 Qc7 10.h3 Bh5 11.O-O O-O-O 12.Be2 Bg6 13.b5 Nxe5 14.Qa4 Nxf3+ 15.
Nxf3 Nf5 16.c6 b6 17.Nd4 Nxd4 18.cxd4 Bd6 19.Bd2 Bf4 20.Bc3 h5 21.Qd1 h4 
22.Bd3 Bxd3 23.Qxd3 g5 24.Qe2 Rdg8 25.f3 Rg6 26.Rab1 f5 27.Rb2 Kb8 28.Bd2 
Bxd2 29.Rxd2 Rh7 30.Rd3 Qf4 31.Kh1 Kc7 32.Qe1 Re7 33.Qd1 Rg8 34.Re1 Rg6 
35.Rde3 Qd6 36.Re5 Kd8 37.R1e3 Kc7 38.Re2 Kd8 39.Qe1 f4 40.Qb1 Rgg7 41.Qe1
Rg6 42.a4 Kc7 43.Rf5 Reg7 44.Rfe5 Re7 45.Kh2 Kc8 46.Rf5 Reg7 47.Rfe5 Re7 
48.Kg1 Kc7 49.Kf1 Kc8 1/2-1/2

[Event "6th Asia-ch"]
[Site "Cebu City PHI"]
[Date "2007.09.24"]
[Round "6.13"]
[White "Tu Hoang Thong"]
[Black "Djao Thien Hai"]
[Result "1/2-1/2"]
[WhiteElo "2483"]
[BlackElo "2537"]
[EventDate "2007.09.19"]
[PlyCount "29"]

1.d4 d5 2.Nf3 Nf6 3.c4 c6 4.cxd5 cxd5 5.Nc3 Nc6 6.Bf4 a6 7.e3 Bg4 8.Be2 e6
9.O-O Bd6 10.Bxd6 Qxd6 11.Rc1 O-O 12.Nd2 Bxe2 13.Qxe2 Rfc8 14.Nb3 Nd7 15.
h3 1/2-1/2

[Event "6th Asia-ch"]
[Site "Cebu City PHI"]
[Date "2007.09.24"]
[Round "6.14"]
[White "Kim, Alexey"]
[Black "Torre, Eugenio"]
[Result "0-1"]
[WhiteElo "2445"]
[BlackElo "2536"]
[EventDate "2007.09.19"]
[PlyCount "98"]

1.e4 e5 2.Nf3 Nc6 3.Nc3 Nf6 4.Bb5 Bb4 5.O-O O-O 6.d3 d6 7.Ne2 Ne7 8.c3 Ba5
9.Ng3 c6 10.Ba4 Ng6 11.d4 Re8 12.Bb3 h6 13.dxe5 dxe5 14.Qc2 Bb6 15.Nd2 Ng4
16.h3 Qh4 17.hxg4 Qxg3 18.Bxf7+ Kxf7 19.Qb3+ Be6 20.Qxb6 Qxg2+ 21.Kxg2 
axb6 22.Kg3 Rxa2 23.Rxa2 Bxa2 24.Nf3 Bc4 25.Rd1 Ke6 26.Nh4 Nxh4 27.Kxh4 
Bb3 28.Rg1 Rf8 29.Kg3 Ra8 30.f3 c5 31.Be3 Rd8 32.Ra1 Bc4 33.Rh1 Kf6 34.Kf2
Ra8 35.Rd1 Ke7 36.b4 Ra2+ 37.Rd2 Rxd2+ 38.Bxd2 Kd6 39.f4 exf4 40.Bxf4+ Kc6
41.Be5 g6 42.Bf4 h5 43.gxh5 gxh5 44.Bg5 Kb5 45.Be7 Bd3 46.Ke3 Kc4 47.bxc5 
bxc5 48.Bf6 Bc2 49.Kf4 Ba4 0-1

[Event "6th Asia-ch"]
[Site "Cebu City PHI"]
[Date "2007.09.24"]
[Round "6.16"]
[White "Paragua, Mark"]
[Black "Yap Kim, Steven"]
[Result "1/2-1/2"]
[WhiteElo "2525"]
[BlackElo "2246"]
[EventDate "2007.09.19"]
[PlyCount "56"]

1.d4 Nf6 2.Nf3 c5 3.d5 a6 4.a4 e6 5.Nc3 exd5 6.Nxd5 Nxd5 7.Qxd5 d6 8.e4 
Nc6 9.Be2 Be6 10.Qd1 Be7 11.O-O d5 12.exd5 Qxd5 13.Qxd5 Bxd5 14.Be3 O-O 
15.c3 Rfd8 16.Nd2 Na5 17.Rad1 Rac8 18.Bg4 Rc6 19.Bf5 g6 20.Be4 f5 21.Bxd5+
Rxd5 22.Nf3 Rxd1 23.Rxd1 Rd6 24.Re1 Re6 25.Rd1 Rd6 26.Rb1 Nb3 27.Bf4 Re6 
28.Rd1 Re4 1/2-1/2

[Event "6th Asia-ch"]
[Site "Cebu City PHI"]
[Date "2007.09.24"]
[Round "6.17"]
[White "Moradiabadi, Elshan"]
[Black "Batchuluun, Cegmed"]
[Result "1/2-1/2"]
[WhiteElo "2540"]
[BlackElo "2415"]
[EventDate "2007.09.19"]
[PlyCount "119"]

1.d4 Nf6 2.Nf3 e6 3.c4 b6 4.g3 Bb7 5.Bg2 Be7 6.O-O O-O 7.Nc3 Ne4 8.Bd2 f5 
9.Qc2 Nxc3 10.Bxc3 Be4 11.Qa4 d6 12.Bh3 Bf6 13.Rfe1 c5 14.Rad1 Nd7 15.Nd2 
cxd4 16.Nxe4 fxe4 17.Bxe6+ Kh8 18.Bb4 Nc5 19.Bxc5 bxc5 20.Bd5 e3 21.Bxa8 
exf2+ 22.Kxf2 Qxa8 23.Rd3 Bg5+ 24.Rf3 Be3+ 25.Kg2 g5 26.Qd7 Qe4 27.Qxd6 
Rxf3 28.exf3 Qc2+ 29.Kh3 Qf5+ 30.Kg2 Qc2+ 31.Kh1 Kg7 32.Qe7+ Kg6 33.Qe6+ 
Kg7 34.Qe7+ Kg6 35.Qe4+ Qxe4 36.fxe4 Kf6 37.Kg2 Ke5 38.Kf3 g4+ 39.Kxg4 
Kxe4 40.Rd1 d3 41.h4 d2 42.b4 Kd3 43.bxc5 Bxc5 44.Kf3 h5 45.g4 hxg4+ 46.
Kxg4 Ke2 47.Rb1 Be3 48.h5 a6 49.Kf5 Kd3 50.Kg4 Kxc4 51.Kf3 Kd3 52.Rh1 a5 
53.a4 Bh6 54.Kf2 Be3+ 55.Kf3 Bh6 56.Rd1 Bg5 57.Rh1 Bh6 58.Rd1 Bg5 59.Rh1 
Bh6 60.Rd1 1/2-1/2

[Event "6th Asia-ch"]
[Site "Cebu City PHI"]
[Date "2007.09.24"]
[Round "6.18"]
[White "Xu Jun"]
[Black "Rohit, Goginenni"]
[Result "1/2-1/2"]
[WhiteElo "2574"]
[BlackElo "2470"]
[EventDate "2007.09.19"]
[PlyCount "44"]

1.c4 e5 2.Nc3 Nf6 3.Nf3 Nc6 4.a3 d5 5.cxd5 Nxd5 6.Qc2 Nxc3 7.dxc3 a5 8.e4 
Bd6 9.Bb5 O-O 10.O-O Bg4 11.Nd2 Na7 12.Bd3 c6 13.b4 Nb5 14.Bb2 Qg5 15.Kh1 
axb4 16.axb4 Rae8 17.Bc1 Qh4 18.Nb3 Ra8 19.Rxa8 Rxa8 20.Na5 Bxb4 21.Nxc6 
bxc6 22.Bxb5 cxb5 1/2-1/2

[Event "6th Asia-ch"]
[Site "Cebu City PHI"]
[Date "2007.09.24"]
[Round "6.20"]
[White "Nouri, Hamed"]
[Black "Mahjoobzardast, Morteza"]
[Result "0-1"]
[WhiteElo "2426"]
[BlackElo "2479"]
[EventDate "2007.09.19"]
[PlyCount "142"]

1.c4 Nf6 2.Nc3 c5 3.g3 e6 4.Bg2 d5 5.Nf3 d4 6.Na4 Nc6 7.O-O Be7 8.d3 O-O 
9.a3 e5 10.Bg5 Ne8 11.Bxe7 Qxe7 12.Qb1 Rb8 13.Nd2 Bd7 14.b4 cxb4 15.axb4 
Nxb4 16.Qb3 Nc7 17.Rfb1 Nba6 18.Qa3 Qxa3 19.Rxa3 b5 20.Nb2 Rfd8 21.Rba1 
Bc8 22.cxb5 Rxb5 23.Nbc4 f6 24.Na5 Nb4 25.Nc6 Nxc6 26.Bxc6 Rc5 27.Ba4 Be6 
28.Bb3 Bxb3 29.Nxb3 Rc3 30.Rxa7 Nb5 31.Ra8 Rxa8 32.Rxa8+ Kf7 33.Na1 Rc1+ 
34.Kg2 Nc3 35.Ra7+ Kg6 36.Nb3 Rc2 37.Rc7 Rxe2 38.Nc5 Nd5 39.Ne4 Ra2 40.g4 
Ne3+ 41.Kf3 Nxg4 42.Kxg4 f5+ 43.Kg3 fxe4 44.dxe4 Re2 45.Kf3 Re1 46.Rd7 Kf6
47.Ra7 Ke6 48.Ra6+ Kd7 49.h3 g5 50.Ra7+ Kd6 51.Ra5 h5 52.Rd5+ Ke6 53.Rd8 
h4 54.Ra8 Kd6 55.Ra6+ Kc5 56.Ra5+ Kc4 57.Rxe5 d3 58.Rd5 Kc3 59.Rc5+ Kb2 
60.Rd5 Kc2 61.Rc5+ Kd1 62.e5 d2 63.Ra5 Kc2 64.Rc5+ Kb3 65.Rd5 d1=Q+ 66.
Rxd1 Rxd1 67.Kg4 Kc4 68.Kxg5 Kd5 69.f4 Ke6 70.Kg4 Rg1+ 71.Kxh4 Rh1 0-1

[Event "6th Asia-ch"]
[Site "Cebu City PHI"]
[Date "2007.09.24"]
[Round "6.22"]
[White "Toufighi, Homayoon"]
[Black "Ganguly, Surya Shekhar"]
[Result "0-1"]
[WhiteElo "2391"]
[BlackElo "2586"]
[EventDate "2007.09.19"]
[PlyCount "64"]

1.e4 c5 2.Nf3 Nc6 3.Bb5 e6 4.Bxc6 bxc6 5.O-O Ne7 6.d3 Ng6 7.b3 e5 8.c3 d5 
9.exd5 Qxd5 10.c4 Qd8 11.Re1 Bd6 12.Nc3 f5 13.Bg5 Qc7 14.h4 O-O 15.h5 Nh8 
16.h6 gxh6 17.Bxh6 Rf6 18.Bg5 Rg6 19.b4 cxb4 20.c5 Bxc5 21.Rxe5 Bf8 22.Re8
bxc3 23.Be7 Bb7 24.Qb3+ Nf7 25.Ng5 Rxg5 26.Rxa8 Qxe7 27.Rxa7 Qf6 28.Rxb7 
Qg7 29.Kf1 Rxg2 30.Rxf7 Rg1+ 31.Ke2 Qg4+ 32.f3 Rg2+ 0-1

[Event "6th Asia-ch"]
[Site "Cebu City PHI"]
[Date "2007.09.24"]
[Round "6.24"]
[White "Dimakiling, Oliver"]
[Black "Bitoon, Richard"]
[Result "1/2-1/2"]
[WhiteElo "2500"]
[BlackElo "2399"]
[EventDate "2007.09.19"]
[PlyCount "85"]

1.d4 Nf6 2.Nf3 e6 3.g3 b6 4.c4 Bb7 5.Bg2 Be7 6.Nc3 O-O 7.Qc2 c5 8.d5 b5 9.
e4 bxc4 10.O-O exd5 11.Nxd5 Nxd5 12.exd5 d6 13.Bf4 Nd7 14.Rad1 Nb6 15.Rfe1
Bf6 16.h4 h6 17.g4 Bxh4 18.Nxh4 Qxh4 19.Bxd6 Rfe8 20.Re4 Bxd5 21.Rxe8+ 
Rxe8 22.Bxd5 Nxd5 23.Bg3 Qg5 24.Qxc4 Nf6 25.Kg2 Nxg4 26.Rd5 Qg6 27.Rxc5 
Re4 28.Qd3 Qe6 29.Qd8+ Kh7 30.Qd5 Qxd5 31.Rxd5 Ra4 32.a3 g5 33.Bd6 Rc4 34.
b4 Nf6 35.Ra5 Rc6 36.Be7 a6 37.a4 Nd7 38.b5 axb5 39.Ra7 bxa4 40.Rxd7 Ra6 
41.Rd3 Kg6 42.f4 Re6 43.Bf8 1/2-1/2

[Event "6th Asia-ch"]
[Site "Cebu City PHI"]
[Date "2007.09.24"]
[Round "6.25"]
[White "Wang Rui"]
[Black "Ardeshi, Mehrdad"]
[Result "0-1"]
[WhiteElo "2482"]
[BlackElo "2407"]
[EventDate "2007.09.19"]
[PlyCount "78"]

1.d4 Nf6 2.Nf3 d5 3.c4 c6 4.Nc3 dxc4 5.a4 Bf5 6.e3 e6 7.Bxc4 Bb4 8.O-O O-O
9.Qe2 Nbd7 10.e4 Bg6 11.Bd3 Rc8 12.Rd1 a5 13.h3 Re8 14.Bf4 Qb6 15.Rac1 Bh5
16.e5 Bxf3 17.Qxf3 Nd5 18.Bg5 Nf8 19.Ne4 Be7 20.h4 Rcd8 21.Nd6 Bxd6 22.
Bxd8 Qxd8 23.exd6 Qxh4 24.Be4 Qd8 25.Bxd5 exd5 26.Qb3 Qd7 27.Qb6 Re6 28.
Qc7 Qxd6 29.Qxb7 Rh6 30.g3 Qe6 31.Qb3 Qe4 32.f3 Qe2 33.Re1 Qh2+ 34.Kf1 
Qxg3 35.Ke2 Re6+ 36.Kf1 Qh3+ 37.Kg1 Rg6+ 38.Kf2 Rg2+ 39.Ke3 Qh6+ 0-1

[Event "6th Asia-ch"]
[Site "Cebu City PHI"]
[Date "2007.09.24"]
[Round "6.27"]
[White "Bancod, Ronald"]
[Black "Al-Sayed, Mohamad Naser"]
[Result "1-0"]
[WhiteElo "2373"]
[BlackElo "2469"]
[EventDate "2007.09.19"]
[PlyCount "65"]

1.Nf3 d5 2.d4 Nf6 3.c3 Bf5 4.Qb3 Qc8 5.Bg5 Nbd7 6.Nbd2 e6 7.Nh4 Bd6 8.e3 
Bg6 9.Be2 c6 10.Nxg6 hxg6 11.O-O-O a5 12.Kb1 Qc7 13.c4 a4 14.Qc2 a3 15.b3 
Bb4 16.Bf3 Qa5 17.h4 O-O 18.e4 Bc3 19.e5 Nh7 20.Be3 Bb2 21.Bg4 Qc3 22.cxd5
Qxc2+ 23.Kxc2 cxd5 24.Be2 Nb8 25.Nf3 Nc6 26.Kb1 Rfc8 27.h5 Nb4 28.hxg6 
fxg6 29.Rh2 Rc2 30.Bd3 Rc3 31.Rdh1 Rxb3 32.Bc2 Rxe3 33.fxe3 1-0